000 00561nam a22002057a 4500
001 TVUNI
005 20260126014721.0
008 221111s2018 vm vie d
020 _c65000
040 _aTVUNI
_eAACR2
041 0 _avie
100 1 _aĐoàn, Thị Thu Hà
245 1 0 _aGiáo trình Quản trị học /
_cĐoàn Thị Thu Hà
250 _aTái bản có sửa chữa, bổ sung
260 _aHà Nội :
_bTài chính,
_c2018
300 _a355 tr. ;
_c21 cm.
942 _2ddc
_cBK
999 _c3522
_d3522
911 _a1
_bHiển Phạm
912 _a1
_bHiển Phạm